[Event "Speed Chess (Women) Q1"]
[Site "Chess.com INT"]
[Date "2020.06.18"]
[Round "5"]
[White "Tian, Shi Yuan"]
[Black "Shvedova, Alexandra"]
[Result "0-1"]
[WhiteElo "1868"]
[BlackElo "1994"]
[PlyCount "66"]
[EventDate "2020.06.18"]
[EventType "swiss (blitz)"]
[EventRounds "9"]
[EventCountry "USA"]
[SourceTitle "CBM 196 Extra"]
[Source "ChessBase"]
[SourceDate "2020.07.31"]
[SourceVersion "1"]
[SourceVersionDate "2020.07.31"]
[SourceQuality "1"]

1. e4 e5 2. Nf3 Nc6 3. Bb5 Nf6 4. 0-0 Nxe4 5. Re1 Nd6 6. Bxc6 dxc6 7. Nxe5 Be7 8. d4 0-0 9. h3 Be6 10. Bf4 Re8 11. c3 Bf8 12. Nd2 f6 13. Nef3 Qd7 14. Bh2 b6 15. a3 Nf5 16. Ne4 Bd5 17. Nfd2 Nd6 18. Nxd6 Bxd6 19. Bxd6 Qxd6 20. Qg4 Re7 21. Qg3 Rae8 22. Rxe7 Qxe7 23. Nf3 Qe2 24. Nh4 Qxb2 25. Rf1 Bc4 26. Qxc7 Qb5 27. Rd1 Qh5 28. f3 Qxh4 29. Qxc6 Bf7 30. d5 Re2 31. Rf1 Qg3 32. Qc8+ Be8 33. Qg4 Rxg2+ 0-1

[Event "Wch U20 Girls 36th"]
[Site "Manavgat"]
[Date "2018.09.13"]
[Round "9"]
[White "Caxita, Esperanca"]
[Black "Tian, Shi Yuan"]
[Result "1/2-1/2"]
[WhiteElo "1803"]
[BlackElo "1923"]
[PlyCount "116"]
[EventDate "2018.09.05"]
[EventType "swiss"]
[EventRounds "11"]
[EventCountry "TUR"]
[SourceTitle "CBM 186 Extra"]
[Source "ChessBase"]
[SourceDate "2018.08.24"]
[SourceVersion "1"]
[SourceVersionDate "2018.08.24"]
[SourceQuality "1"]

1. e4 e6 2. d4 d5 3. e5 c5 4. c3 Nc6 5. Nf3 Bd7 6. Bd3 Qb6 7. dxc5 Bxc5 8. 0-0 Qc7 9. Qe2 Nge7 10. Bf4 a6 11. Nbd2 Rc8 12. Nb3 Ba7 13. Bg3 Na5 14. Nxa5 Qxa5 15. Rfe1 Bb5 16. Bxb5+ axb5 17. a3 0-0 18. Rad1 Nf5 19. Bf4 Rc4 20. Bc1 Rfc8 21. h3 Qa4 22. Qd3 Qa5 23. Nd2 R4c6 24. Nf3 Rc4 25. g4 Ne7 26. Be3 h6 27. Nd2 Bxe3 28. Nxc4 Bxf2+ 29. Kxf2 bxc4 30. Qe3 Qc7 31. Kg2 Ng6 32. Rd2 Nf8 33. Rf2 Ng6 34. Qg3 Rf8 35. h4 Qd8 36. h5 Nh8 37. Qe3 Qh4 38. Qf4 f5 39. exf6 Rxf6 40. Qg3 Rxf2+ 41. Kxf2 Qf6+ 42. Kg2 Nf7 43. Rf1 Qe7 44. Qf4 Nd6 45. Rf2 e5 46. Re2 Ne4 47. Qf5 Qh4 48. Rxe4 dxe4 49. Qxe4 b5 50. a4 bxa4 51. Qxc4+ Kh8 52. Qxa4 Qe1 53. Qe8+ Kh7 54. Qg6+ Kh8 55. Qc2 e4 56. Qf2 Qc1 57. Qe2 Qf4 58. b4 e3 1/2-1/2

[Event "Wch U20 Girls 36th"]
[Site "Manavgat"]
[Date "2018.09.12"]
[Round "8"]
[White "Tian, Shi Yuan"]
[Black "Santeramo, Alessia Carmen"]
[Result "1/2-1/2"]
[WhiteElo "1923"]
[BlackElo "2124"]
[PlyCount "60"]
[EventDate "2018.09.05"]
[EventType "swiss"]
[EventRounds "11"]
[EventCountry "TUR"]
[SourceTitle "CBM 186 Extra"]
[Source "ChessBase"]
[SourceDate "2018.08.24"]
[SourceVersion "1"]
[SourceVersionDate "2018.08.24"]
[SourceQuality "1"]

1. d4 Nf6 2. Nf3 e6 3. c4 Bb4+ 4. Bd2 Qe7 5. e3 b6 6. a3 Bxd2+ 7. Nbxd2 Bb7 8. Qc2 d6 9. Be2 0-0 10. 0-0 e5 11. d5 Nbd7 12. Rfe1 g6 13. e4 Nh5 14. g3 Ng7 15. Bf1 a5 16. b4 Nf6 17. Bh3 Bc8 18. Bxc8 Rfxc8 19. Qc3 Nd7 20. Qe3 Qf8 21. Qh6 Nh5 22. Qxf8+ Rxf8 23. Kg2 h6 24. Nh4 Kh7 25. h3 Ra7 26. Nb3 axb4 27. axb4 Rfa8 28. Rxa7 Rxa7 29. Ra1 Rxa1 30. Nxa1 Kg7 1/2-1/2

[Event "Wch U20 Girls 36th"]
[Site "Manavgat"]
[Date "2018.09.05"]
[Round "1"]
[White "Tian, Shi Yuan"]
[Black "Caglar, Sila"]
[Result "1/2-1/2"]
[WhiteElo "1923"]
[BlackElo "2208"]
[PlyCount "84"]
[EventDate "2018.09.05"]
[EventType "swiss"]
[EventRounds "11"]
[EventCountry "TUR"]
[SourceTitle "CBM 186 Extra"]
[Source "ChessBase"]
[SourceDate "2018.08.24"]
[SourceVersion "1"]
[SourceVersionDate "2018.08.24"]
[SourceQuality "1"]

1. d4 Nf6 2. Nf3 g6 3. Bf4 Bg7 4. e3 0-0 5. Be2 d6 6. h3 Nc6 7. 0-0 Nd7 8. c4 e5 9. Bh2 exd4 10. exd4 Re8 11. Nc3 Nf6 12. d5 Nb8 13. Bd3 a5 14. Qd2 Na6 15. Rae1 Nc5 16. Bc2 Bd7 17. Nd4 a4 18. Bf4 a3 19. b3 Nh5 20. Bg5 Qc8 21. Rxe8+ Bxe8 22. Ne4 Bd7 23. Kh2 f5 24. Nxc5 dxc5 25. Nf3 Qf8 26. Re1 Re8 27. Rxe8 Qxe8 28. Qe3 Qxe3 29. Bxe3 b6 30. Bg5 c6 31. Bd8 b5 32. dxc6 Bxc6 33. cxb5 Bxb5 34. Be7 Bf8 35. Bxf8 Kxf8 36. g3 Nf6 37. Nd2 Nd5 38. Nb1 Be2 39. Nxa3 Nc3 40. Bb1 Bf3 41. Kg1 Ke7 42. Kf1 Be4 1/2-1/2

[Event "CAN-ch U18"]
[Site "Toronto"]
[Date "2018.08.09"]
[Round "2"]
[White "Tian, Shi Yuan"]
[Black "Hua, Eugene"]
[Result "1/2-1/2"]
[WhiteElo "1834"]
[BlackElo "2340"]
[PlyCount "164"]
[EventDate "2018.08.08"]
[EventType "tourn"]
[EventRounds "9"]
[EventCountry "CAN"]
[SourceTitle "CBM 186 Extra"]
[Source "ChessBase"]
[SourceDate "2018.08.24"]
[SourceVersion "1"]
[SourceVersionDate "2018.08.24"]
[SourceQuality "1"]

1. d4 Nf6 2. Nf3 d5 3. c4 e6 4. Nc3 Bb4 5. Bg5 Nbd7 6. e3 c5 7. cxd5 exd5 8. Bd3 Qa5 9. Qc2 c4 10. Bf5 0-0 11. 0-0 g6 12. Bxd7 Nxd7 13. Ne2 Re8 14. a3 Bf8 15. Nc3 Nb6 16. Rfe1 Bf5 17. Qd1 Bg7 18. h3 Re6 19. Bf4 Rae8 20. Nd2 Nc8 21. g4 Bd3 22. Nb3 cxb3 23. Qxd3 Nb6 24. Bc7 Rc8 25. Bxb6 Rxb6 26. Rec1 Rbc6 27. Kg2 Bf8 28. Qd1 Rxc3 29. Rxc3 Rxc3 30. bxc3 b2 31. Rb1 Qxc3 32. Qe1 Qc2 33. Qd1 Qe4+ 34. f3 Qxe3 35. Rxb2 Qxa3 36. Rxb7 Qa2+ 37. Kg1 Bd6 38. Qb3 Qh2+ 39. Kf1 Qxh3+ 40. Ke2 Qg2+ 41. Ke3 Qg1+ 42. Kd3 Qf1+ 43. Ke3 Bf8 44. Rb8 Kg7 45. Qxd5 Be7 46. Qe5+ Bf6 47. Rg8+ Kxg8 48. Qxf6 Qe1+ 49. Kf4 Qe6 50. Qd8+ Kg7 51. g5 f6 52. Qc7+ Kf8 53. Qb8+ Qe8 54. Qxa7 fxg5+ 55. Kxg5 Qe3+ 56. Kg4 h5+ 57. Kg3 Qg5+ 58. Kh3 Qf4 59. Qc5+ Kf7 60. Qd5+ Kf6 61. Qe4 Qd6 62. Qh4+ Kf7 63. Qe4 Qe6+ 64. Kg3 Kf6 65. Qf4+ Kg7 66. Qe5+ Kf7 67. Qc7+ Kf6 68. Qf4+ Qf5 69. Qd6+ Qe6 70. Qf8+ Qf7 71. Qd6+ Kg7 72. Qe5+ Qf6 73. Qc7+ Kh6 74. Qe5 Qg5+ 75. Kh3 Qxe5 76. dxe5 Kg5 77. f4+ Kf5 78. Kh4 Ke6 79. Kg5 Kf7 80. f5 gxf5 81. Kxf5 h4 82. Kg4 Ke6 1/2-1/2

[Event "Montreal zt (Women)"]
[Site "Montreal"]
[Date "2017.12.30"]
[Round "7"]
[White "Chao, Lucy"]
[Black "Tian, Shi Yuan"]
[Result "0-1"]
[WhiteElo "1331"]
[BlackElo "1661"]
[PlyCount "47"]
[EventDate "2017.12.26"]
[EventType "tourn"]
[EventRounds "9"]
[EventCountry "CAN"]
[SourceTitle "CBM 182 Extra"]
[Source "ChessBase"]
[SourceDate "2018.02.23"]
[SourceVersion "1"]
[SourceVersionDate "2018.02.23"]
[SourceQuality "1"]

1. e4 e6 2. d4 d5 3. Nd2 Nf6 4. e5 Nfd7 5. Bd3 c5 6. c3 Nc6 7. Ne2 cxd4 8. cxd4 f6 9. exf6 Nxf6 10. 0-0 Bd6 11. Nf3 0-0 12. Bf4 Bxf4 13. Nxf4 Ng4 14. Ne2 Qd6 15. Ng3 Qf4 16. Re1 Bd7 17. Bb1 Rac8 18. Qd3 g6 19. h3 Nh6 20. Qe3 Kg7 21. Qd3 Nf5 22. Nxf5+ exf5 23. Ne5 Nxe5 24. dxe5 0-1

[Event "Grand Pacific op 11th"]
[Site "Victoria"]
[Date "2017.04.15"]
[Round "3"]
[White "Hemstapat, Andrew"]
[Black "Tian, Shi Yuan"]
[Result "1-0"]
[WhiteElo "1997"]
[BlackElo "1263"]
[PlyCount "93"]
[EventDate "2017.04.14"]
[EventType "tourn"]
[EventRounds "6"]
[EventCountry "CAN"]
[SourceTitle "CBM 178 Extra"]
[Source "ChessBase"]
[SourceDate "2017.06.22"]
[SourceVersion "1"]
[SourceVersionDate "2017.06.22"]
[SourceQuality "1"]

1. e4 e6 2. Nf3 d5 3. Nc3 dxe4 4. Nxe4 Nd7 5. d4 Ngf6 6. Bd3 c5 7. 0-0 Nxe4 8. Bxe4 Nf6 9. Bd3 Be7 10. Be3 Qb6 11. dxc5 Bxc5 12. Bxc5 Qxc5 13. Re1 0-0 14. Re5 Qc7 15. Qe2 h6 16. Re1 Bd7 17. h3 Bc6 18. Nh2 Rfd8 19. Qe3 Rd5 20. Rxd5 Bxd5 21. Ng4 Nxg4 22. hxg4 Qe7 23. Qd4 Rd8 24. Qxa7 Qb4 25. Qe3 Qxg4 26. Bf1 Qa4 27. c4 Bc6 28. Qb6 Rd2 29. b4 Rd1 30. Rxd1 Qxd1 31. Qe3 Qd6 32. b5 Bd7 33. Qd3 Qxd3 34. Bxd3 b6 35. a4 Kf8 36. c5 bxc5 37. a5 Bc8 38. a6 Ke7 39. Be4 f5 40. a7 fxe4 41. a8Q Bd7 42. Qxe4 Bxb5 43. Qb7+ Bd7 44. Qc7 c4 45. Qxc4 Kf7 46. f4 g6 47. Kf2 1-0